| 000 | 02530nam0a2200385 4500 | ||
|---|---|---|---|
| 001 | RU\NLR\bibl\790531 | ||
| 005 | 20250614122355.0 | ||
| 010 |
_a5-06-004833-0 _93000 |
||
| 021 |
_aRU _b2004-75863 _93741 |
||
| 035 | _aRSL-KNO-002509014 | ||
| 035 | _a(NLR Aleph) 000779776 | ||
| 090 |
_a1054734 _c1054734 |
||
| 100 | _a20041207d2004 |||y0rusy50 ca | ||
| 101 | 0 | _arus | |
| 102 | _aRU | ||
| 105 | _ay ||||||||| | ||
| 106 | _ar | ||
| 200 | 1 |
_aПроектирование машиностроительных заводов _eрасчет технол. параметров механосбороч. пр-ва _eучебное пособие для студентов высших учебных заведений по напрвлению подготовки дипломированных специалистов "Конструкторско-технологическое обеспечение машиностроительных производств" _fА. Е. Адам |
|
| 210 |
_aМ. _cВысш. шк. _d2004 _gГУП Смол. обл. тип. им. В.И. Смирнова |
||
| 215 |
_a98, [3] с. _d21 |
||
| 320 | _aБиблиогр. в конце кн. (3 назв.) | ||
| 606 | 1 |
_aМашины _jРуководства, пособия и т.п. для высшей школы _xСборка _xТехнологические процессы _xПроектирование _xАвтоматизация _91526996 _3RU\NLR\auth\66664534 |
|
| 606 | 1 |
_aМашины _jУчебные издания для высших учебных заведений _xСборка _xТехнологические процессы _xПроектирование _xАвтоматизация _91526996 _3RU\NLR\auth\66664534 |
|
| 610 | 0 | _aМашиностроение -- Сборка машин и механизмов -- Технико-экономические вопросы производства. Организация производственного процесса -- Автоматизация -- Учебник для высшей школы | |
| 610 | 0 | _aкомпьютерные программы проектирования технологии механосборки | |
| 686 |
_aК68-6-5-05я73-1 _2rubbk |
||
| 686 | _aК68-642-5-05я73-1 | ||
| 700 | 1 |
_aАдам _bА. Е. _gАся Ефимовна _4070 |
|
| 801 | 0 |
_aRU _bRuMoRKP _c20041207 _grcr |
|
| 801 | 1 |
_aRU _bRuMoRGB _c20041207 |
|
| 801 | 2 |
_aRU _bNLR _c20050420 _gPSBO |
|
| 830 | _aАвт. по кн. | ||
| 942 | _cBOOK | ||
| 980 | _aNB | ||